| 000 | 00519nam a2200157Ia 4500 | ||
|---|---|---|---|
| 008 | 170221s9999 xx 000 0 und d | ||
| 100 | _aMehmet Serdar Ercis | ||
| 245 | _aFactors Affecting Custumer Attachment in the Marketing Communication and its Implementation on Tourism Sector | ||
| 245 | _cMehmet Serdar Ercis | ||
| 260 | _bOnline Journal of Communication and Media Technologies | ||
| 260 | _c2011 | ||
| 300 | _a1 : 3 | ||
| 650 | _xCommunication | ||
| 650 | _xMedia Arts | ||
| 856 | _uhttp://www.ojcmt.net/ | ||
| 999 |
_c307345 _d307345 |
||